The Air Compaign (Record no. 298464)
[ view plain ]
| 000 -LEADER | |
|---|---|
| fixed length control field | 00239 a2200109 4500 |
| 001 - CONTROL NUMBER | |
| control field | 63391 |
| 082 ## - DEWEY DECIMAL CLASSIFICATION NUMBER | |
| Classification number | 358.414 WAR |
| 090 ## - LOCALLY ASSIGNED LC-TYPE CALL NUMBER (OCLC); LOCAL CALL NUMBER (RLIN) | |
| -- | 37442 |
| -- | 37442 |
| 100 ## - MAIN ENTRY--PERSONAL NAME | |
| Personal name | Warden, J.A |
| 245 ## - TITLE STATEMENT | |
| Title | The Air Compaign |
| Medium | English |
| 260 ## - PUBLICATION, DISTRIBUTION, ETC. | |
| Name of publisher, distributor, etc. | PAF Book Club |
| 942 ## - ADDED ENTRY ELEMENTS (KOHA) | |
| Institution code [OBSOLETE] | CAE NUST |
| Call number prefix | 358.414 WAR |
| Withdrawn status | Lost status | Damaged status | Not for loan | Collection code | Permanent Location | Current Location | Date acquired | Total Checkouts | Full call number | Barcode | Date last seen | Price effective from | Koha item type |
|---|---|---|---|---|---|---|---|---|---|---|---|---|---|
| College of Aeronautical Engineering (CAE) | College of Aeronautical Engineering (CAE) | 04/03/2017 | 358.414 WAR | CAEG-5500 | 04/05/2017 | 04/05/2017 | Book |
